LEADER 01338nam a2200337 a 4500 001 000000123058 003 CaOOAMICUS 005 20100923115444.0 008 100923t2010 it u000 u ita r 020 $a978-88-394-0781-8 040 $aPUL$bita$dMCT 100 1 $aJossa, Giorgio.$0(OLS)http://pul/name/6697 245 13$aLa condanna del Messia :$bproblemi storici della ricerca di Gesų /$cGiorgio Jossa. 260 $aBrescia :$bPaideia,$cĐ2010. 300 $a202 p. ;$c21 cm. 490 1 $aStudi biblici ;$v164 504 $aBibliografia in nota. 600 04$aIesus Christus.$0(OLS)http://pul/subject/207 650 4$aCristologia.$0(OLS)http://pul/subject/1402 830 0$aStudi biblici (Paideia) ;$v164.$0(OLS)http://pul/title/88 850 $aPUL 852 $aPUL$W1$xSL Religione 1$y3$m10 M 164$j141407$qStampati$B140450$CPULBib$Z2$F140450 $H114864 $82 941 1 $a8 960 $aCristologia$9207 960 $aCristologia$9207 960 $aGesų Cristo$9207 960 $aIesus Christus$91402 960 $aIesus Christus$91402 996 $6020$a978-88-394-0781-8$9(OLS)http://pul/number/145416 996 $6245$aLa condanna del Messia :$bproblemi storici della ricerca di Gesų$9(OLS)http://pul/title/155096 996 $6260$aBrescia :$bPaideia$9(OLS)http://pul/publisher/47884 LEADER 01239nam a2200265 a 4500 001 000000163400 003 CaOOAMICUS 005 20171013102540.0 008 171013s1938 it m u000 u eng r 032 $aLibriCat 040 $aPUL$bita 100 1 $aChase, Frederic H.$0(OLS)http://pul/name/104958 245 14$aThe active life of the contemporary Church of the kingdom of Greece /$cFrederic H. Chase jr. 260 $aRomae :$bTypis Pontificiae Universitatis Gregorianae,$c1938. 300 $aVIII, 77 p. ;$c22 cm. 502 $aEstratto da tesi. Pontificium Institutum Orientalium Studiorum. 1938. 504 $aBibliografia in nota a pič pagina. 651 4$aGrecia$xStoria ecclesiastica.$0(OLS)http://pul/subject/44991 710 2 $aPontificio Istituto Orientale.$kTesi.$0(OLS)http://pul/name/104919 850 $aPUL 852 $aPUL$W1$xDP1 Tesi Pon. Ist. Orientale$y39$mTH ORIE 25$j187495$qTesi$B190627$CPULBib$Z2$F190627 $H13819 $82 941 1 $a16 996 $6245$aThe active life of the contemporary Church of the kingdom of Greece$9(OLS)http://pul/title/203119 996 $6260$aRomae :$bTypis Pontificiae Universitatis Gregorianae$9(OLS)http://pul/publisher/48120